[Event "TUN-ch"]
[Site "Sfax"]
[Date "2022.01.30"]
[Round "10"]
[White "Tira, Mohamed Ali"]
[Black "Hbacha, Achraf"]
[Result "1/2-1/2"]
[WhiteElo "2029"]
[BlackElo "2187"]
[PlyCount "42"]
[EventDate "2022.01.22"]
[EventType "tourn"]
[EventRounds "11"]
[EventCountry "TUN"]
[SourceTitle "CBM 206 Extra"]
[Source "ChessBase"]
[SourceDate "2022.03.31"]
[SourceVersion "1"]
[SourceVersionDate "2022.03.31"]
[SourceQuality "1"]

1. e4 e5 2. Nf3 Nc6 3. Bb5 Nge7 4. 0-0 d6 5. d4 Bd7 6. c3 Ng6 7. Re1 Be7 8. Nbd2 0-0 9. Nf1 h6 10. h3 Nb8 11. Bxd7 Nxd7 12. dxe5 Ndxe5 13. Nxe5 dxe5 14. Qxd8 Raxd8 15. Be3 b6 16. Rad1 Rxd1 17. Rxd1 Rd8 18. Rxd8+ Bxd8 19. g4 Bg5 20. Bxg5 hxg5 21. Nd2 Nf4 1/2-1/2

[Event "TUN-ch"]
[Site "Sfax"]
[Date "2022.01.23"]
[Round "2"]
[White "Tira, Mohamed Ali"]
[Black "Jmila, Omar"]
[Result "0-1"]
[WhiteElo "2029"]
[BlackElo "2138"]
[PlyCount "116"]
[EventDate "2022.01.22"]
[EventType "tourn"]
[EventRounds "11"]
[EventCountry "TUN"]
[SourceTitle "CBM 206 Extra"]
[Source "ChessBase"]
[SourceDate "2022.03.31"]
[SourceVersion "1"]
[SourceVersionDate "2022.03.31"]
[SourceQuality "1"]

1. e4 e5 2. Nf3 Nc6 3. d4 exd4 4. Nxd4 Bc5 5. Be3 Qf6 6. c3 Nge7 7. Nc2 Bb6 8. Nba3 Qg6 9. Qf3 d6 10. Nc4 Ne5 11. Nxe5 dxe5 12. Bc4 0-0 13. Bxb6 Bg4 14. Qg3 axb6 15. Ne3 Be6 16. Qxg6 Nxg6 17. g3 Bxc4 18. Nxc4 Ra4 19. Nd2 Rfa8 20. a3 Nf8 21. Ke2 Ne6 22. f3 Nc5 23. Rad1 Kf8 24. Nb1 Ke8 25. Rd5 f6 26. Rhd1 Ne6 27. Ke3 Rd8 28. Rxd8+ Nxd8 29. f4 Nc6 30. Nd2 Ra8 31. Nf3 Na5 32. Kd3 Rd8+ 33. Kc2 Rxd1 34. Kxd1 Nc4 35. Kc2 Ne3+ 36. Kd2 Nc4+ 37. Kc2 exf4 38. gxf4 Kd7 39. a4 g6 40. b3 Ne3+ 41. Kd2 Ng2 42. f5 gxf5 43. exf5 Kd6 44. Kd3 Nf4+ 45. Ke4 Nd5 46. Kd3 c6 47. c4 Ne7 48. Ke4 Kc5 49. h4 Kb4 50. Ng5 h5 51. Nh7 Ng8 52. Nxf6 Nxf6+ 53. Ke5 Ng4+ 54. Ke6 Kxb3 55. f6 Nxf6 56. Kxf6 Kxc4 57. Kg5 b5 58. axb5 cxb5 0-1

[Event "TUN-ch"]
[Site "Istanbul"]
[Date "2021.04.10"]
[Round "9"]
[White "Tira, Mohamed Ali"]
[Black "Jmila, Omar"]
[Result "1/2-1/2"]
[WhiteElo "2018"]
[BlackElo "2107"]
[PlyCount "130"]
[EventDate "2021.04.04"]
[EventType "tourn"]
[EventRounds "9"]
[EventCountry "TUR"]
[SourceTitle "CBM 201 Extra"]
[Source "ChessBase"]
[SourceDate "2021.05.31"]
[SourceVersion "1"]
[SourceVersionDate "2021.05.31"]
[SourceQuality "1"]

1. e4 e5 2. Nf3 Nc6 3. Bc4 Nf6 4. d3 Bc5 5. Nc3 d6 6. Na4 Na5 7. Nxc5 dxc5 8. Nxe5 0-0 9. 0-0 Qd6 10. Qe1 Qxe5 11. f4 Qd4+ 12. Be3 Qxb2 13. Qxa5 b6 14. Qd2 Ng4 15. c3 Qa3 16. Qc1 Qa5 17. Bd2 b5 18. Bb3 Qb6 19. c4 Kh8 20. h3 Nf6 21. Be3 b4 22. Qe1 a5 23. Qf2 Nd7 24. Ba4 c6 25. g4 Ba6 26. Kg2 Rae8 27. Rh1 Re6 28. h4 Rd6 29. Rad1 Rd4 30. Bxd4 cxd4 31. h5 Nc5 32. Bc2 Qd8 33. Qg3 Qf6 34. g5 Qd6 35. f5 Qxg3+ 36. Kxg3 a4 37. Rb1 Rb8 38. Rb2 Bxc4 39. dxc4 d3 40. Bd1 a3 41. Rb3 Nxe4+ 42. Kf4 Nc3 43. Ke3 Nxa2 44. Kd2 c5 45. Rxd3 Nc3 46. Rxc3 bxc3+ 47. Kxc3 Rb1 48. Re1 h6 49. g6 Rb8 50. gxf7 a2 51. Bb3 Rf8 52. Bxa2 Rxf7 53. Re5 Rc7 54. Bb1 Kg8 55. Rd5 Kf7 56. Re5 Kf6 57. Re8 Rb7 58. Be4 Ra7 59. Rc8 Kg5 60. Rxc5 Kxh5 61. f6+ Kg4 62. fxg7 Rxg7 63. Rf5 Re7 64. Bd3 Rd7 65. c5 Rxd3+ 1/2-1/2

[Event "TUN-ch"]
[Site "Istanbul"]
[Date "2021.04.05"]
[Round "2"]
[White "Ben Brahem, Aymen"]
[Black "Tira, Mohamed Ali"]
[Result "1-0"]
[WhiteElo "2140"]
[BlackElo "2018"]
[PlyCount "43"]
[EventDate "2021.04.04"]
[EventType "tourn"]
[EventRounds "9"]
[EventCountry "TUR"]
[SourceTitle "CBM 201 Extra"]
[Source "ChessBase"]
[SourceDate "2021.05.31"]
[SourceVersion "1"]
[SourceVersionDate "2021.05.31"]
[SourceQuality "1"]

1. d4 Nf6 2. Bf4 g6 3. Nc3 d5 4. e3 Bg7 5. Nf3 c6 6. Be2 Nbd7 7. Ne5 Qb6 8. a3 Ne4 9. Nxd7 Bxd7 10. Nxe4 dxe4 11. b4 0-0 12. 0-0 Rfe8 13. c4 Qd8 14. Ra2 a5 15. Rd2 axb4 16. axb4 Qb6 17. Qb3 Qa7 18. d5 cxd5 19. Rxd5 Be6 20. Ra5 Qb6 21. Qa4 Rxa5 22. Qxe8+ 1-0

[Event "TUN-ch Subsidiaire"]
[Site "Hammamet"]
[Date "2020.09.28"]
[Round "1"]
[White "Tira, Mohamed Ali"]
[Black "Saoud, Slim"]
[Result "1-0"]
[WhiteElo "2030"]
[BlackElo "1536"]
[PlyCount "49"]
[EventDate "2020.09.28"]
[EventType "swiss"]
[EventRounds "9"]
[EventCountry "TUN"]
[SourceTitle "CBM 198 Extra"]
[Source "ChessBase"]
[SourceDate "2020.11.30"]
[SourceVersion "1"]
[SourceVersionDate "2020.11.30"]
[SourceQuality "1"]

1. e4 b6 2. d4 Bb7 3. Nc3 e6 4. Be3 Nf6 5. e5 Ng8 6. f4 Nh6 7. Nf3 Ng4 8. Bg1 Bb4 9. Bd3 f5 10. h3 Nh6 11. Be3 c5 12. dxc5 Nc6 13. cxb6 axb6 14. 0-0 Bxc3 15. bxc3 Ne7 16. c4 0-0 17. Qb1 Nc8 18. c5 Ng4 19. hxg4 fxg4 20. Bxh7+ Kh8 21. Ng5 Rf5 22. Bxf5 Qe8 23. Bxg4 Ra3 24. c3 g6 25. Qe1 1-0

[Event "TUN-ch"]
[Site "Sousse"]
[Date "2019.05.13"]
[Round "8"]
[White "Tira, Mohamed Ali"]
[Black "Taieb, Sahbi"]
[Result "1-0"]
[WhiteElo "2005"]
[BlackElo "2125"]
[PlyCount "119"]
[EventDate "2019.05.06"]
[EventType "tourn"]
[EventRounds "11"]
[EventCountry "TUN"]
[SourceTitle "CBM 190 Extra"]
[Source "ChessBase"]
[SourceDate "2019.07.15"]
[SourceVersion "1"]
[SourceVersionDate "2019.07.15"]
[SourceQuality "1"]

1. e4 c5 2. Nf3 a6 3. b3 Nc6 4. Bb2 d6 5. d4 cxd4 6. Nxd4 e5 7. Nxc6 bxc6 8. c4 Nf6 9. Nc3 Qa5 10. Bd3 Be7 11. 0-0 0-0 12. Qe2 Bg4 13. f3 Be6 14. Na4 Nd7 15. Bc3 Qc7 16. Kh1 f5 17. Rad1 f4 18. c5 d5 19. exd5 Bxd5 20. Bc4 Bxc4 21. Qxc4+ Kh8 22. Qe6 Nxc5 23. Nxc5 Bxc5 24. Rd7 Rf6 25. Qg4 Qxd7 26. Qxd7 Rd6 27. Qb7 Rad8 28. Bxe5 R6d7 29. Qxc6 Rd1 30. Qxa6 R8d3 31. Qc8+ Rd8 32. Rxd1 Rxc8 33. Bxf4 Ba3 34. Bc7 Be7 35. Rd7 Bf6 36. Kg1 h5 37. f4 Ra8 38. a4 Ra7 39. a5 Kh7 40. b4 Bc3 41. f5 Be5 42. Bxe5 Rxd7 43. a6 Rd1+ 44. Kf2 Rd2+ 45. Ke3 Ra2 46. b5 Ra5 47. b6 Rxe5+ 48. Kf4 Ra5 49. b7 Rxa6 50. b8Q Ra4+ 51. Ke5 Ra5+ 52. Ke6 Ra6+ 53. Ke7 Rf6 54. Qf4 Ra6 55. Qd4 Rc6 56. Qh4 Rh6 57. Qg5 h4 58. h3 Ra6 59. Qxh4+ Kg8 60. Qc4+ 1-0

[Event "TUN-ch"]
[Site "Sousse"]
[Date "2019.05.10"]
[Round "5"]
[White "Douissa, Oussama"]
[Black "Tira, Mohamed Ali"]
[Result "1/2-1/2"]
[WhiteElo "2242"]
[BlackElo "2005"]
[PlyCount "96"]
[EventDate "2019.05.06"]
[EventType "tourn"]
[EventRounds "11"]
[EventCountry "TUN"]
[SourceTitle "CBM 190 Extra"]
[Source "ChessBase"]
[SourceDate "2019.07.15"]
[SourceVersion "1"]
[SourceVersionDate "2019.07.15"]
[SourceQuality "1"]

1. Nf3 Nf6 2. g3 b6 3. Bg2 Bb7 4. 0-0 e6 5. c4 Be7 6. Nc3 0-0 7. Re1 d5 8. cxd5 Nxd5 9. Nxd5 Bxd5 10. e4 Bb7 11. d4 Nd7 12. Bf4 Bd6 13. Bxd6 cxd6 14. Qa4 Nf6 15. Nd2 a6 16. Rac1 b5 17. Qb4 Qd7 18. a4 Rfc8 19. Rc3 Rxc3 20. bxc3 d5 21. e5 Ne8 22. Nb3 Bc6 23. Nc5 Qc8 24. a5 g6 25. h4 Ng7 26. Bh3 Ra7 27. Kg2 Rc7 28. Bg4 Bd7 29. Rh1 h5 30. Bf3 Bc6 31. Qb2 Bb7 32. Qd2 Qf8 33. Qg5 Qe7 34. Rb1 Qxg5 35. hxg5 Bc8 36. Be2 Nf5 37. f4 Ne7 38. Kf2 Nc6 39. Ra1 Ne7 40. g4 hxg4 41. Bxg4 Nc6 42. Ke3 Kg7 43. Be2 Re7 44. Nd3 Re8 45. Nb4 Nxb4 46. cxb4 Bd7 47. Rc1 Rc8 48. Rc5 Rxc5 1/2-1/2

[Event "TUN-ch"]
[Site "Sousse"]
[Date "2019.05.06"]
[Round "1"]
[White "Zaibi, Amir"]
[Black "Tira, Mohamed Ali"]
[Result "1-0"]
[WhiteElo "2382"]
[BlackElo "2005"]
[PlyCount "61"]
[EventDate "2019.05.06"]
[EventType "tourn"]
[EventRounds "11"]
[EventCountry "TUN"]
[SourceTitle "CBM 190 Extra"]
[Source "ChessBase"]
[SourceDate "2019.07.15"]
[SourceVersion "1"]
[SourceVersionDate "2019.07.15"]
[SourceQuality "1"]

1. Nf3 Nf6 2. c4 c5 3. g3 b6 4. Bg2 Bb7 5. 0-0 g6 6. Nc3 Bg7 7. Re1 0-0 8. e4 d6 9. d4 cxd4 10. Nxd4 Qc8 11. Be3 Nc6 12. Rc1 Re8 13. h3 Nd7 14. Ndb5 a6 15. Nd5 axb5 16. cxb5 e6 17. Nxb6 Nxb6 18. bxc6 Ba6 19. Bxb6 Bxb2 20. Rc2 Ba3 21. c7 Bb5 22. Qd4 Qa6 23. Rb1 e5 24. Qe3 Bd3 25. Bf1 Bxf1 26. Rxf1 Qb7 27. Qb3 Rec8 28. Rc4 Ra6 29. Rb1 Kg7 30. Be3 Qa8 31. Qb8 1-0

[Event "TUN-chT"]
[Site "Hammamet"]
[Date "2019.03.16"]
[Round "9.2"]
[White "Bouzidi, Ahmed"]
[Black "Tira, Mohamed Ali"]
[Result "1-0"]
[WhiteElo "2199"]
[BlackElo "2032"]
[PlyCount "117"]
[EventDate "2019.02.09"]
[EventType "team-tourn"]
[EventRounds "11"]
[EventCountry "TUN"]
[SourceTitle "CBM 190 Extra"]
[Source "ChessBase"]
[SourceDate "2019.07.15"]
[SourceVersion "1"]
[SourceVersionDate "2019.07.15"]
[SourceQuality "1"]
[WhiteTeam "Megrine Maison"]
[BlackTeam "Omran"]
[WhiteTeamCountry "TUN"]
[BlackTeamCountry "TUN"]

1. e4 d5 2. exd5 Qxd5 3. Nc3 Qd6 4. d4 Nf6 5. Bc4 c6 6. h3 Be6 7. Qe2 Bxc4 8. Qxc4 e6 9. Nf3 Nbd7 10. 0-0 Nb6 11. Qe2 Be7 12. Bg5 Nbd5 13. Ne4 Nxe4 14. Bxe7 Qxe7 15. Qxe4 0-0 16. c3 Nf6 17. Qc2 Qc7 18. Rfe1 Rfe8 19. Re5 h6 20. Rae1 Rad8 21. Qe2 Rd5 22. a3 Red8 23. Qe3 a6 24. g3 Qb6 25. b4 Rxe5 26. Nxe5 Qc7 27. Qf3 Qe7 28. a4 Nd7 29. Nc4 Nf6 30. a5 Qd7 31. Re5 Nd5 32. h4 Qe7 33. Re4 Nf6 34. Re1 Nd5 35. Ne5 Nf6 36. g4 Nd7 37. Qg3 Nxe5 38. Rxe5 Rd5 39. Re4 Rd8 40. Kg2 Qd6 41. Qxd6 Rxd6 42. f4 f6 43. Kf3 Kf7 44. f5 exf5 45. gxf5 h5 46. c4 Rd7 47. Ke3 g5 48. fxg6+ Kxg6 49. Kf4 Kf7 50. Kf5 Rd6 51. d5 cxd5 52. Rd4 Re6 53. Rxd5 Re7 54. b5 axb5 55. cxb5 Rc7 56. b6 Rc6 57. Rd7+ Ke8 58. Rxb7 Rc5+ 59. Ke6 1-0

[Event "Ariana Ramadan op U2200"]
[Site "Ariana"]
[Date "2018.06.02"]
[Round "7"]
[White "Ghanem, Khaled"]
[Black "Tira, Mohamed Ali"]
[Result "1-0"]
[WhiteElo "1820"]
[BlackElo "2100"]
[PlyCount "80"]
[EventDate "2018.05.27"]
[EventType "swiss"]
[EventRounds "9"]
[EventCountry "TUN"]
[SourceTitle "EXT 2019"]
[Source "ChessBase"]
[SourceDate "2018.10.10"]
[SourceVersion "1"]
[SourceVersionDate "2018.10.10"]
[SourceQuality "1"]

1. d4 f5 2. c4 Nf6 3. Bg5 g6 4. Bxf6 exf6 5. Nc3 Bh6 6. g3 d6 7. Bg2 Nc6 8. Nf3 0-0 9. e3 Bg7 10. 0-0 Ne7 11. d5 g5 12. Nd4 Ng6 13. Bh3 g4 14. Bg2 Qe8 15. Rc1 h5 16. h4 Bd7 17. Ncb5 Qc8 18. b4 a6 19. Nc3 a5 20. a3 axb4 21. axb4 Re8 22. c5 Ne5 23. cxd6 c6 24. Ncb5 Rb8 25. Nc7 Rf8 26. f4 Nf7 27. dxc6 bxc6 28. Nxc6 Bxc6 29. Rxc6 Qd7 30. Na6 Rbc8 31. Nc5 Qa7 32. Rxc8 Rxc8 33. Qd5 Rd8 34. d7 Bf8 35. Rd1 Bd6 36. Qxf5 Qa3 37. Qg6+ Kf8 38. Ne6+ Ke7 39. Nxd8 Qxe3+ 40. Kh2 Nxd8 1-0

[Event "Ariana Ramadan op U2200"]
[Site "Ariana"]
[Date "2018.06.01"]
[Round "6"]
[White "Tira, Mohamed Ali"]
[Black "Ferjaoui, Khaled"]
[Result "1-0"]
[WhiteElo "2100"]
[BlackElo "1776"]
[PlyCount "129"]
[EventDate "2018.05.27"]
[EventType "swiss"]
[EventRounds "9"]
[EventCountry "TUN"]
[SourceTitle "EXT 2019"]
[Source "ChessBase"]
[SourceDate "2018.10.10"]
[SourceVersion "1"]
[SourceVersionDate "2018.10.10"]
[SourceQuality "1"]

1. e4 e5 2. Bc4 Nf6 3. Nc3 Nxe4 4. Qh5 Nd6 5. Qxe5+ Qe7 6. Qxe7+ Bxe7 7. Bb3 Nf5 8. Nd5 Bd8 9. Nf3 c6 10. Ne3 d5 11. 0-0 0-0 12. d3 Na6 13. c3 Nc5 14. Bc2 Bc7 15. b4 Nxe3 16. Bxe3 Ne6 17. Rfe1 Bd7 18. Bd2 Rfe8 19. Ne5 Bxe5 20. Rxe5 Nc7 21. Rae1 Rxe5 22. Rxe5 Re8 23. Rxe8+ Nxe8 24. f3 Nc7 25. Kf2 h6 26. Bb3 Be6 27. Ke3 Kf8 28. Be1 Ke7 29. Kd2 Kd7 30. Bf2 b6 31. a4 Na8 32. h3 h5 33. Bd1 a6 34. Be2 b5 35. a5 Nc7 36. Ke3 Bf5 37. f4 Bg6 38. Kf3 f6 39. Kg3 Bf7 40. Kh4 g6 41. g4 hxg4 42. hxg4 Ke6 43. Bg3 Ne8 44. f5+ gxf5 45. gxf5+ Kd7 46. Bh5 Ke7 47. Bf2 Ng7 48. Bc5+ Ke8 49. Bg4 Bg8 50. Kg3 Bf7 51. Kf4 Bh5 52. Bh3 Be2 53. Ke3 Bd1 54. Bd6 Kf7 55. Kd4 Ke8 56. Kc5 Kd7 57. Bf8 Ne8 58. Kb6 Be2 59. Kxa6 Kc7 60. d4 Bh5 61. Bh6 Nd6 62. Bf4 Be8 63. Bxd6+ Kxd6 64. Kb7 Bd7 65. a6 1-0

[Event "TUN-ch"]
[Site "Hammamet"]
[Date "2018.02.22"]
[Round "11"]
[White "Tira, Mohamed Ali"]
[Black "Barbaria, Yacine"]
[Result "0-1"]
[WhiteElo "2024"]
[BlackElo "2234"]
[PlyCount "110"]
[EventDate "2018.02.14"]
[EventType "tourn"]
[EventRounds "11"]
[EventCountry "TUN"]
[SourceTitle "CBM 183 Extra"]
[Source "ChessBase"]
[SourceDate "2018.04.19"]
[SourceVersion "1"]
[SourceVersionDate "2018.04.19"]
[SourceQuality "1"]

1. e4 e5 2. Bc4 Nf6 3. Nc3 Nxe4 4. Qh5 Nd6 5. Qxe5+ Qe7 6. Qxe7+ Bxe7 7. Bb3 0-0 8. Nf3 Nf5 9. d3 c6 10. Bf4 d5 11. 0-0-0 Nd7 12. d4 a5 13. a4 Nf6 14. h3 h6 15. Rhe1 g5 16. Bh2 Be6 17. Ne5 Rfe8 18. g4 Nh4 19. Rf1 Nd7 20. Nxd7 Bxd7 21. Bg3 Bf6 22. Rd3 Ng6 23. Nd1 Nf4 24. Bxf4 gxf4 25. c3 Bg5 26. f3 Bh4 27. Nf2 Re3 28. Bc2 Rae8 29. Nd1 Re1 30. Rxe1 Rxe1 31. Kd2 Rh1 32. b3 Rxh3 33. c4 Be6 34. c5 Rh2+ 35. Kc1 Be1 36. Nc3 f5 37. Kd1 Rh1 38. Ke2 fxg4 39. Rd1 gxf3+ 40. Kxf3 Rh3+ 41. Kxf4 Bxc3 42. Ke5 Re3+ 43. Kd6 Bf7 44. Bf5 Kf8 45. Kc7 Re7+ 46. Kb6 Be6 47. Bg6 Kg7 48. Bh5 Kf6 49. Rd3 Bb4 50. Rg3 Bf5 51. Rg8 Bc3 52. Rb8 Bxd4 53. Rxb7 Bxc5+ 54. Kxc6 Rxb7 55. Kxb7 d4 0-1

[Event "TUN-ch"]
[Site "Hammamet"]
[Date "2018.02.20"]
[Round "8"]
[White "Douissa, Oussama"]
[Black "Tira, Mohamed Ali"]
[Result "1/2-1/2"]
[WhiteElo "2253"]
[BlackElo "2024"]
[PlyCount "31"]
[EventDate "2018.02.14"]
[EventType "tourn"]
[EventRounds "11"]
[EventCountry "TUN"]
[SourceTitle "CBM 183 Extra"]
[Source "ChessBase"]
[SourceDate "2018.04.19"]
[SourceVersion "1"]
[SourceVersionDate "2018.04.19"]
[SourceQuality "1"]

1. d4 d5 2. c4 e6 3. Nf3 Nf6 4. Nc3 c6 5. e3 Nbd7 6. Bd3 dxc4 7. Bxc4 b5 8. Bd3 Bb7 9. 0-0 a6 10. a4 b4 11. Ne4 c5 12. Nxf6+ Nxf6 13. dxc5 Bxc5 14. Qe2 Qd5 15. Rd1 Qh5 16. Nd4 1/2-1/2

[Event "TUN-ch"]
[Site "Hammamet"]
[Date "2018.02.20"]
[Round "9"]
[White "Tira, Mohamed Ali"]
[Black "Amdouni, Zoubaier"]
[Result "0-1"]
[WhiteElo "2024"]
[BlackElo "2255"]
[PlyCount "100"]
[EventDate "2018.02.14"]
[EventType "tourn"]
[EventRounds "11"]
[EventCountry "TUN"]
[SourceTitle "CBM 183 Extra"]
[Source "ChessBase"]
[SourceDate "2018.04.19"]
[SourceVersion "1"]
[SourceVersionDate "2018.04.19"]
[SourceQuality "1"]

1. e4 c5 2. Nf3 Nc6 3. c4 g6 4. Nc3 Bg7 5. d3 d6 6. g3 Nf6 7. Bg2 0-0 8. 0-0 a6 9. Rb1 Ne8 10. Be3 Nc7 11. Qd2 Bg4 12. h3 Bxf3 13. Bxf3 Ne6 14. Bg2 Ned4 15. Ne2 Qa5 16. Nxd4 Qxd2 17. Bxd2 Bxd4 18. Bc3 Rab8 19. Bxd4 Nxd4 20. f4 f5 21. Rf2 b5 22. exf5 gxf5 23. Re1 e6 24. g4 bxc4 25. dxc4 a5 26. gxf5 Rxf5 27. Be4 Rf6 28. Kh2 Rbf8 29. Kg3 e5 30. f5 Nxf5+ 31. Bxf5 Rxf5 32. Rd2 Rg5+ 33. Kh2 Rf6 34. Re3 Rgf5 35. Kg2 Rg6+ 36. Kh2 Rf4 37. Rc2 Kf7 38. Ra3 e4 39. Re3 Ke6 40. Rce2 Kf5 41. b3 h5 42. Rg2 Rxg2+ 43. Kxg2 h4 44. Re2 Ke5 45. Rd2 e3 46. Rd5+ Ke4 47. Rxd6 e2 48. Re6+ Kd3 49. Rd6+ Ke3 50. Re6+ Kd2 0-1